| 000 | 00496nam a22001817a 4500 | ||
|---|---|---|---|
| 005 | 20240509101142.0 | ||
| 008 | 240509b |||||||| |||| 00| 0 eng d | ||
| 020 | _a0-8264-6472-6 | ||
| 082 |
_a001.42 _bLIT-U |
||
| 100 | _aLitosseliti;Lia | ||
| 245 |
_aUsing Focus Groups in Reseach/ _cLia Litosseliti |
||
| 250 | _a1st ed. | ||
| 260 |
_aIndia; _bContinuum; _c2005 |
||
| 300 |
_aviii, 104 p.: _bill; _c21.3 cm. |
||
| 500 | _aInclude index. | ||
| 650 | _aComputer Science/Research | ||
| 999 |
_c35730 _d35730 |
||